200 premiers mots de "Du côté de chez Swann" - Statistiques

Statistiques générales
  • Ce quiz a été pris 140 fois
  • Le résultat moyen est 100 sur 200
Statistiques - réponses
Mot % Correct
j'
97%
l'
95%
d'
94%
de
92%
m'
92%
à
91%
je
90%
"Je
90%
le
88%
me
85%
n'
85%
Et,
84%
et
84%
la
84%
ma
82%
en
81%
qu'
81%
il
80%
se
79%
que
77%
suis
76%
pas
75%
les
74%
mon
74%
un
74%
ce
73%
elle
72%
ou
70%
des
69%
avais
68%
une
68%
du
67%
mes
64%
plus
63%
était
62%
ne
62%
si
61%
mais
60%
heure.
59%
heure
59%
temps
59%
sur
58%
bonne
57%
étais
57%
dans
56%
ces
53%
dire :
52%
couché
49%
Cette
44%
Longtemps,
44%
même
44%
moi-
44%
moi,
44%
peu
41%
après,
38%
après
38%
yeux
38%
comme
35%
faire
34%
dont
32%
endors."
32%
Puis
32%
encore
31%
réveil;
31%
demi-
29%
tour
26%
vite
26%
fermaient
24%
livre
23%
lumière;
23%
mains
23%
avaient
21%
pensée
21%
quelques
21%
semblait
21%
avoir
19%
Parfois,
19%
bougie
17%
non;
17%
sommeil
17%
lire,
15%
m'y
15%
pris
15%
pendant
14%
venais
14%
voulais
14%
éteinte,
13%
peine
12%
croyais
11%
rendre
10%
secondes
10%
allumé.
9%
chercher
9%
compte
9%
Charles
7%
parlait
7%
poser
7%
Quint.
7%
raison
7%
vue
7%
ouvrage:
6%
pensées
6%
sujet
6%
église,
5%
éveillait;
5%
existence
5%
François
5%
libre
5%
libre...
5%
particulier;
5%
quatuor,
5%
rivalité
5%
souffler
5%
antérieure;
4%
aussitôt
4%
cessé
4%
commençait
4%
volume
4%
appliquer
3%
bougeoir
3%
choquait
3%
croyance
3%
détachait
3%
dormant
3%
écailles
3%
empêchait
3%
Ier
3%
métempsycose
3%
pesait
3%
recouvrais
3%
réflexions
3%
survivait
3%
devenir
2%
inintelligible,
2%
Aucun quiz correspondant
Distribution des résultats
% des personnes avec chaque résultat
Percentile par nombre de réponses
Votre historique - résultats
Vous n’avez pas pris ce quiz